000
00286 a2200121 4500
001
65522
040
_c
Anchieta - Pituba
240
1
0
_a
2ª Avaliação de Redação, 6º ano
_l
por
245
1
0
_a
2ª Avaliação de Redação, 6º ano
362
0
_a
2018
650
4
_a
Redação
942
_c
BK
999
_c
65522
_d
65522